Moje ulubione twarze kina - Statystyki

Ogólne statystyki
  • Ten quiz został rozwiązany 8 razy
  • Średni wynik to 11 z 12
Statystyki odpowiedzi
Obrazkowy Odpowiedź % Poprawnych
Arnold Schwarzenegger
100%
Bruce Lee
100%
Chuck Norris
100%
Harrison Ford
100%
Jackie Chan
100%
Jim Carrey
100%
Sylvester Stallone
100%
Jean-Claude Van Damme
88%
Mel Gibson
88%
Owen Wilson
88%
Eddie Murphy
75%
Ben Stiller
63%
Nie znaleziono quizów pasujących do podanych kryteriów
Rozkład punktacji
Procent ludzi z każdym wynikiem
Percentyl według liczby udzielonych odpowiedzi
Twoja historia wyników
Nie rozwiązałeś tego quizu